000 00778nam a22002177a 4500
003 BCEG
005 20260323163830.0
008 260323q1984 mx|||||| |||| 00| 0 spa d
040 _aBCEG
_bspa
_cBCEG
082 0 4 _aWJ972.53
_bS715b
100 1 _aSosa, Francisco,
_d1848-1925.
245 1 0 _aBosquejo histórico de Coyoacán.
260 _aMéxico :
_bRestaurante Villa de Sosa,
_c[1984].
300 _a76 p.
500 _aEdición reimpresa.
506 _aPara uso exclusivo en sala de Fondos Especiales; Requiere autorización para reproducción.
_eReglamento de la Sala de Fondos Especiales.
535 _aDisponible en Colección Wigberto Jiménez Moreno.
651 4 _aCoyoacán (México)
_xHistoria.
700 1 _aAguilar Fernández, José Luis,
_eprol.
942 _cBK
999 _c437126
_d437126